000 00415nam a22001697a 4500
003 OSt
005 20211123103228.0
008 211123b |||||||| |||| 00| 0 eng d
020 _a978-0-443-10257-8
040 _aDDC
_cHU
082 _22ND
_a616.0757
_b3
100 _aJAMES D.BEGG
_920011
245 _aABDOMINAL X-RAY MADE EASY
250 _a2ND
260 _aLONDON
_bELSEVIER LTD
_c2006
942 _2ddc
_cBOOKS
_n0
999 _c19673
_d19673